000 00702nam a2200205Ia 4500
008 0000001977 sp a 0000000000spa00
090 _aPSP00 F71m
100 1 _aFranca, José Augusto
245 1 0 _aMillares
_c/ José Augusto Franca ; traducción Fernando Gutiérrez
300 _a255 p.
_c/ 28 cm.
500 _aCon el patronazgo de la empresa colombiana PLARESA
600 0 0 _aMILLARES, MANUEL, 1926197/
_xTRABAJOS PICTORICOS
650 1 4 _aARTE CONTEMPORANEO ESPAÑOL
650 1 4 _xCATALOGOS
650 1 4 _aDIBUJOS ESPAÑOLES
650 1 4 _aPINTORES ESPAÑOLES
650 1 4 _aPINTURA ESPAÑOLA
700 1 _aGutiérrez, Fernando, tr.
999 _c7430
_d7430
260 _aBarcelona : Polígrafa
_c1977